00535nam a2200121Ia 4500008004100000020001800041100001900059245009300078260002700171650015100198650002200349856004200371171212s9999 xx 000 0 und d a9780833041333 aJones, Seth G. cJones, Seth G.aCounterinsurgency in AfghanistanbRAND Counterinsurgency Study--Volume 4 bRAND Corporationc2008 aAfghanistan -- Politics and government -- 2001–; Counterinsurgency -- Afghanistan; Afghan War, 2001– -- Commando operations; Counterinsurgency aPolitical Science uwww.jstor.org/stable/10.7249/mg595osd